000
00270nam a22000977a 4500
999
_c
531615
_d
531615
082
_a
627.52
_b
GAR
100
_a
Grag, Santosh Kumar.
245
_a
Irragation Engineering & Hydraulic Structures /
942
_2
ddc
_c
BK